000 00314nam a2200121Ia 4500
008 190216s9999||||xx |||||||||||||| ||und||
100 _aMax D Richards & William A Nilander
245 0 _aReadings In Management
260 _bHimalaya Publishing House
_c1969
300 _a975p
650 _aCommerce
942 _cBK
999 _c4595
_d4595